BRE launch Ecohomes XB (Record no. 77235)
[ view plain ]
| 000 -LEADER | |
|---|---|
| fixed length control field | 01080cab a2200205 4500 |
| 001 - CONTROL NUMBER | |
| control field | ##L133867 |
| 008 - FIXED-LENGTH DATA ELEMENTS--GENERAL INFORMATION | |
| fixed length control field | 060614n2006 000 0 eng u |
| 035 ## - SYSTEM CONTROL NUMBER | |
| System control number | (Sirsi) u133867 |
| 041 0# - LANGUAGE CODE | |
| Language code of text/sound track or separate title | eng |
| 110 2# - MAIN ENTRY--CORPORATE NAME | |
| Corporate name or jurisdiction name as entry element | Building Research Establishment |
| 245 00 - TITLE STATEMENT | |
| Title | BRE launch Ecohomes XB |
| Remainder of title | ecohomes for existing housing |
| 260 ## - PUBLICATION, DISTRIBUTION, ETC. | |
| Date of publication, distribution, etc. | 2006 |
| 490 #0 - SERIES STATEMENT | |
| Series statement | BRE News Release |
| Volume/sequential designation | 8 June 2006 |
| 520 ## - SUMMARY, ETC. | |
| Summary, etc. | BRE, in collaboration with the Housing Corporation, has launched EcoHomes XB, a sophisticated but easy to use tool designed to assist housing associations and local authority landlords in judging the environmental performance of their management structure and existing housing stock, highlighting properties in need of attention. Management policies, energy, transport, pollution, water, health and waste are among the topics covered by EcoHomes XB. |
| 590 ## - LOCAL NOTE (RLIN) | |
| Local note | IKA200606 |
| 651 #4 - SUBJECT ADDED ENTRY--GEOGRAPHIC NAME | |
| Geographic name | United Kingdom |
| Chronological subdivision | |
| 690 ## - LOCAL SUBJECT ADDED ENTRY--TOPICAL TERM (OCLC, RLIN) | |
| Topical term or geographic name as entry element | BUILT ENVIRONMENT-SUSTAINABLE CONSTRUCTION |
| 856 41 - ELECTRONIC LOCATION AND ACCESS | |
| Uniform Resource Identifier | <a href="https://www.bre.co.uk/newsdetails.jsp?id=395">https://www.bre.co.uk/newsdetails.jsp?id=395</a> |
| Public note | View the item free of charge at www.bre.co.uk... |
| 942 ## - ADDED ENTRY ELEMENTS (KOHA) | |
| Suppress in OPAC | 0 |
| Withdrawn status | Lost status | Source of classification or shelving scheme | Damaged status | Not for loan | Home library | Current library | Shelving location | Date acquired | Total Checkouts | Full call number | Barcode | Date last seen | Copy number | Price effective from | Koha item type |
|---|---|---|---|---|---|---|---|---|---|---|---|---|---|---|---|
| Dewey Decimal Classification | Virtual | Virtual | Online | 14/06/2006 | ONLINE PUBLICATION | 133867-1 | 06/08/2019 | 1 | 06/08/2019 | Journal article |